Austrian Rivers on a Map - Statistics

General Stats
  • This quiz has been taken 358 times
    289 since last reset
  • The average score is 8 of 15
Answers on the Map
Answers color-coded by a green-red scale on the quiz's map according to % correct below.
 
Answer Stats
km River miles % Correct
2,857 Danube 1,775
99%
517 Inn 321
89%
1,233 Rhine 766
71%
749 Drava 465
69%
453 Mur 281
67%
225 Salzach 140
59%
254 Enns 158
56%
235 Thaya 146
48%
153 Traun 95
43%
292 Isar 181
42%
180 Leitha 112
39%
256 Lech 159
38%
358 Morava 222
35%
98 Mürz 61
30%
250 Rába 155
30%
No matching quizzes found
Score Distribution
Percent of People with Each Score
Percentile by Number Answered
Your Score History
You have not taken this quiz since the last reset